| Registos Bibliográficos associados ao registo de autoridade |
|
Etiqueta de registo: 00254nam 2200025 450 001 2284299 003 http://id.bnportugal.gov.pt/bib/catbnp/2284299 100 ## $a20260414d2026 k y0pory01030103ba 101 0# $aeng$dpor 102 ## $aPT 105 ## $ay z 000yy 106 ## $ar 200 1# $aDefining a new brand construct $etrendy brands$fJorge Manuel Gouvia Vieira$gorient. Marta Liliana Nunes Bicho, José Manuel Teixeira dos Santos Cruz 210 #9 $aLisboa$c[s.n.],$d2026 215 ## $aXVIII, 200 p.$d30 cm 328 #1 $aTese dout. Gestão, Faculdade de Ciências Sociais e Tecnologia da Universidade Europeia,
2026 700 #1 $aVieira,$bJorge Manuel Gouveia$31995584 702 #1 $aBicho,$bMarta Liliana Nunes$4727$31664330 702 #1 $aCruz,$bJosé Manuel Teixeira dos Santos$4727$31995586 801 #0 $aPT$bBN$gRPC 966 ## $lBN$mFGMON$x1 971 ## $cisantos$d20260414
|
|
|